00520nam a2200109Ia 4500008004100000020001800041100009400059245016700153260002700320650002000347856004300367171212s9999 xx 000 0 und d a9780833031495 aJackson, Brian A.;Peterson, D. J.;Bartis, James T.;LaTourrette, Tom;Brahmakulam, Irene T. cJackson, Brian A.;Peterson, D. J.;Bartis, James T.;LaTourrette, Tom;Brahmakulam, Irene T.aProtecting Emergency RespondersbLessons Learned from Terrorist Attacks bRAND Corporationc2002 aHealth Sciences uwww.jstor.org/stable/10.7249/cf176ostp